000 00529caa a22001932a 4500
001 000409
003 AR-FADEU
008 311216n############xxu####################dd
092 _aPP(362.7)BOL
100 _aPrieto Peralta, Ana Luisa
245 _bHacia un nuevo concepto de patria potestad : (Reformas al libro I del Código Civil)
245 _aBoletín del instituto interamericano del niño
300 _a433-441
440 _v45
440 _n178
260 _c1971
650 _aPATRIA POTESTAD
942 _cPPGR
999 _c3187
_d3187